00485nam a22002057a 450000500170000001000130001702000100003003500130004003700160005304000120006908200110008110000240009224500490011626000280016527000190019330000210021265000200023365000230025370000030027620170124110122.0 aA-123241 c00.00 aA-123241 bCen Lib/Ret aDPLbEN aNbALL aAllan, Mabel Esther aClimbing to danger /cby Mabel Esther Allan aLondonbHeinemannc1969 aLondonbLondon a163p. c18cm(Hb) aEnglish Fiction aEnglish Literature